| 000 | 00660nam a2200181Ia 4500 | ||
|---|---|---|---|
| 008 | 100921s9999 xx 000 0 und d | ||
| 082 |
_b17268 _a891.463 थ 81 |
||
| 100 | _aगरूड शंाताराम. | ||
| 245 | _aक्रांतिकारी कफल्लक. | ||
| 260 |
_bमागोवा प्रकाशन, पुणे. _c1981 |
||
| 300 |
_a189 _b--- |
||
| 365 | _b20 | ||
| 520 | _aललित-कादंबरी. | ||
| 630 | _aक्रांतिकारी कफल्लक. | ||
| 650 | _aललित-कादंबरी. | ||
| 730 | _aक्रांतिकारी कफल्लक. | ||
| 942 | _cBOOK | ||
| 999 |
_c766381 _d766378 |
||